GMAT official guide quantitative review 2018 / (Record no. 152231)
[ view plain ]
| 000 -LEADER | |
|---|---|
| fixed length control field | 00646nam a22001937a 4500 |
| 005 - DATE AND TIME OF LATEST TRANSACTION | |
| control field | 20180523151236.0 |
| 010 ## - LCCN (DPL NO) | |
| LC control number | B-693960 |
| 020 ## - INTERNATIONAL STANDARD BOOK NUMBER | |
| International Standard Book Number | 9788126567058 |
| Terms of availability | 849.00 (RP) |
| 035 ## - SYSTEM CONTROL NUMBER | |
| System control number | B-693960 |
| 037 ## - SOURCE OF ACQUISITION | |
| Stock number | dpl |
| Source of stock number/acquisition | R.K.Books (RP) |
| 082 ## - DEWEY DECIMAL CLASSIFICATION NUMBER | |
| Classification number | 650.076 |
| 245 ## - TITLE STATEMENT | |
| Title | GMAT official guide quantitative review 2018 / |
| 260 ## - PUBLICATION, DISTRIBUTION, ETC. (IMPRINT) | |
| Place of publication, distribution, etc | New Delhi |
| Name of publisher, distributor, etc | Wiley |
| Date of publication, distribution, etc | 2016 |
| 270 ## - ADDRESS | |
| Address | 4435-36/7, Ansari Road, Daryaganj |
| City | New Delhi |
| Postal code | 110002 |
| 300 ## - PHYSICAL DESCRIPTION | |
| Extent | v.p. |
| Dimensions | 27cm(pbk) |
| 500 ## - GENERAL NOTE | |
| General note | From the graduate management admission council |
| 942 ## - ADDED ENTRY ELEMENTS (KOHA) | |
| Source of classification or shelving scheme | Dewey Decimal Classification |
| Item type | English Books |
| Classification part | 650.076 |
| Call number suffix | GMA |
| Withdrawn status | Lost status | Not for loan | Collection code | Home library | Current library | Date acquired | Source of acquisition | Cost, normal purchase price | Full call number | Barcode | Copy number | Cost, replacement price | Koha item type |
|---|---|---|---|---|---|---|---|---|---|---|---|---|---|
| Not For Loan | Reference | Central Library | Central Library | 23/05/2018 | R.K.Books IN397/17-18/23.05.2018//23.05.2018 | 849.00 | 650.076 GMA | B-693960 | 1 | 849.00 | English Books |
